000 01065nam a2200193 i 4500
001 187917
003 ES-MaACL
005 20250727190109.0
008 180323s1926 sp |||| | spa d
100 1 _aGaibrois de Ballesteros, Mercedes,
_d1891-1960
_953243
245 1 4 _aLas jornadas de María de Hungría (1606-1646
_b: conferencia leída en la serie organizada por el Centro de Intercambio Intelectual Germano-Español, el día 5 de marzo de 1926 /
_cpor Mercedes Gaibrois de Ballesteros.
260 _aMadrid :
_b[s.n.],
_c1926 (
_fBlass tipogragía)
300 _a24 p. :
_b1 retr. ;
_c23 cm.
490 1 _aConferencias dadas en el Centro de intercambio intelectual germano-español ;
_v9
600 1 4 _aMaría
_cEmperatriz consorte de Fernando III, Emperador del Sacro Imperio Romano Germánico.
_9164440
830 0 0 _aConferencias dadas en el Centro de Intercambio Intelectual Germano-Español
_v9
_9192904
852 _aES-MaACL
_jC-8111(10)
_z.- Donat. del Centro de Intercambio Intelectual Germano-Español (Madrid)
999 _c187917
_d187917